00412nam a2200169Ia 4500003000400000005001700004008004100021020001500062050002100077100001600098245003900114260003500153300003300188440000600221521000700227526000800234OSt20140311163140.0140130s9999 xx 000 0 und d a0516241532 aR 690b.K68 2000 aKottke, Jan aA day with a doctor /cKottke, Jan bScholastic,c2000.aNew York : a24 p. :bcol. ill. ;c13 cm. v1 aG2 c490